Znany polski Andrzej - Statystyki

Ogólne statystyki
  • Ten quiz został rozwiązany 92 razy
  • Średni wynik to 10 z 16
Statystyki odpowiedzi
Obrazkowy Hint Odpowiedź % Poprawnych
prezydent od 2015 roku Andrzej Duda
99%
popularność przyniosła mu rola Ferdka Kiepskiego w serialu "Świat według Kiepskich" Andrzej Grabowski
89%
walczył na ringu z Lennoxem Lewisem i Mikiem Tysonem Andrzej Gołota
87%
założyciel partii Samoobrona Andrzej Lepper
87%
piosenkarz, śpiewał "Budzikom śmierć" i "Prawie do nieba" Andrzej Piaseczny
81%
reżyserował "Kanał" i "Popiół i diament", laureat Oscara za całokształt twórczości Andrzej Wajda
81%
pisarz fantasy, stworzył postać Wiedźmina Andrzej Sapkowski
75%
piosenkarz, jego największe przeboje to "Najwięcej witaminy" i "Chłopcy radarowcy" Andrzej Rosiewicz
54%
król strzelców igrzysk w Montrealu w 1976 roku Andrzej Szarmach
54%
najwybitniejszy polski tenisista stołowy w historii Andrzej Grubba
53%
patron Polski, zamordowany w XVI wieku przez Kozaków Andrzej Bobola
49%
król strzelców igrzysk w Barcelonie w 1992 roku Andrzej Juskowiak
47%
grał tytułową rolę w serialu "Czterdziestolatek" Andrzej Kopiczyński
45%
współzałożyciel PO, w wyborach prezydenckich w 2000 roku zajął drugie miejsce Andrzej Olechowski
36%
pisarz epoki Renesansu, autor dzieła "O naprawie Rzeczypospolitej" Andrzej Frycz Modrzewski
34%
dwukrotny mistrz olimpijski w zapasach w 1988 i 1996 roku Andrzej Wroński
20%
Nie znaleziono quizów pasujących do podanych kryteriów
Rozkład punktacji
Procent ludzi z każdym wynikiem
Percentyl według liczby udzielonych odpowiedzi
Twoja historia wyników
Nie rozwiązałeś tego quizu